Responses for Show #3080 - Friday, January 9, 1998

Contestants

[<< previous game]

James Fesalbon, a graduate student originally from Seattle, Washington

Patrick Ryan, an educational facilitator from Valley Village, California

Bonnie Gluhanich, a homemaker from Muskegon, Michigan (whose 1-day cash winnings total $8,600)

[next game >>]

Jeopardy! Round responses

FICTIONAL CHARACTERS
HOLIDAYS & OBSERVANCES
TV FACTS
GARDENING
HOTELS BY CITY
"INN" & "OUT"
    $100 1
Ma Joad

Bonnie
    $100 3
Lent

Patrick
    $100 4
(Alex: And a very successful one!)

Jim Carrey

Patrick
    $100 16
beetles

Bonnie
    $100 22
Washington, D.C.

Bonnie
    $100 17
an outline

James
    $200 2
Professor Moriarty

Patrick
    $200 8
the Magi (or the Wise Men)

James
    $200 12
the agony of defeat

Patrick
    $200 27
frost

Patrick
    $200 23
New Orleans

Patrick
    $200 18
innards

James
    $300 5
Sam Spade (in The Maltese Falcon)

Triple Stumper
    $300 9
Mohammed

James
    $300 13
Malcolm-Jamal Warner

Bonnie
    $300 28
bulbs

Bonnie
    $300 24
Las Vegas

Bonnie
    $300 19
the Outland Trophy

Patrick
    $400 6
(Patrick: Who is Lady Chatterley's lover?)

Oliver Mellors

Patrick
Triple Stumper
    $400 10
(Patrick: What is Bastille Day?)

Flag Day

BonniePatrick
    $400 14
Highlander

James
    $400 29
(Patrick: What are insecticides?)

weed killers (or herbicides)

Patrick
Triple Stumper
    $1,000 25
San Antonio

Bonnie
    $400 20
"Out, out brief candle"

Patrick
    $500 7
Becky Sharp (in Vanity Fair)

Triple Stumper
    $500 11
Hanukkah

James
    $500 15
Juliet Mills

Triple Stumper
    $500 30
sterilize

Triple Stumper
    $500 26
(Alex: And we have less than a minute to go.)

New York City

Bonnie
    $500 21
Innocents Abroad

Patrick

Scores at the first commercial break (after clue 14):

Bonnie Patrick James
$800 -$200 $1,400

Scores at the end of the Jeopardy! Round:

Bonnie Patrick James
$3,100 $1,000 $1,700

Double Jeopardy! Round responses

ESSAYS
FILM STARS
LIVING THINGS
THE AMERICAN REVOLUTION
THEY EARNED HALOS
IT'S IMPERATIVE!
    $200 11
(Patrick: Who is H.G. Wells?)

Ralph Ellison

BonniePatrick
    $200 6
Dana Carvey

James
    $200 1
(Alex: By the way, I gave you the choking version of the barn owl that time!)

an owl

James
    $200 16
Bernadette

James
    $200 21
Go fish!

Bonnie
    $400 12
Leo Tolstoy

Patrick
    $400 7
(Bonnie: Who is Danny Aiello?)

Danny DeVito

Bonnie
Triple Stumper
    $1,500 2
beaver

James
    $400 17
Mary Magdalene

Bonnie
    $400 22
"Drink it up"

Triple Stumper
    $600 13
George Orwell (Eric Blair)

Bonnie
    $600 8
Helen Hunt

James
    $600 3
seaweed

James
    $600 18
Attila

Bonnie
    $600 23
(Alex: And we have a minute to go.)

come-hither

Patrick
    $800 14
(Patrick: Who is Thomas Paine?)

Joseph Addison

Patrick
Triple Stumper
    $800 9
Dustin Hoffman

Patrick
    $800 4
ectomorph

James
    $800 27
(James: Who is Kosciusko?)
[The end-of-round signal sounds.]

Casimir Pulaski

BonnieJames
    $800 19
Saint David

Triple Stumper
    $800 24
(James: What is "about face!"?)

"Eyes front!"

James
Triple Stumper
    $1000 15
Annie Dillard

Triple Stumper
    $1,800 10
(Patrick: [No response])

Demi Moore

Patrick
    $1000 5
Kapok

Bonnie
    $1000 26
Charleston

Triple Stumper
    $1000 20
Ignatius

Bonnie
    $1000 25
"Kiss me, my fool!"

Triple Stumper

Scores at the end of the Double Jeopardy! Round:

Bonnie Patrick James
$7,500 $0 $4,200

[wagering suggestions for these scores]

Final Jeopardy! Round responses

NATIONAL ANTHEMS
JamesWhat is "God Save the Queen"?
$4,200
BonnieWhat is God Save The Queen?
$1,000
"God Save the Queen"

Final scores:

Bonnie Patrick James
$8,500 $0 $8,400
2-day champion: $17,100 3rd place: a pair of Wittnauer International watches 2nd place: a trip to the Hyatt Regency, San Francisco

Game dynamics:

Coryat scores:

Bonnie Patrick James
$6,900 $1,800 $3,100
17 R
(including 1 DD),
1 W
12 R,
6 W
(including 1 DD)
13 R
(including 1 DD),
2 W

Combined Coryat: $11,800

[game clues] [game scores] [suggest correction]

Game tape date: Unknown
The J! Archive is created by fans, for fans. Scraping, republication, monetization, and malicious use prohibited; this site may use cookies and collect identifying information. See terms. The Jeopardy! game show and all elements thereof, including but not limited to copyright and trademark thereto, are the property of Jeopardy Productions, Inc. and are protected under law. This website is not affiliated with, sponsored by, or operated by Jeopardy Productions, Inc. Join the discussion at JBoard.tv.